00436 2200157 4500001002100000005001500021035002000036245006500056100002500121300001400146260005600160082000800216084001400224020001500238600002500253INLIS00000000000140720240922123850 a0010-09240001871 aGALLERY OF KISSES :bKUMPULAN CERITA /cSENO GUMIRA AJIDARMA0 aSENO GUMIRA AJIDARMA a153 ;c17 aJakarta :bEKSOTIKA KARMAWIBHANGGA INDONESIA,c2002 a813 a813 SEN g a979971480X04aSENO GUMIRA AJIDARMA